LEADER 01605nam0 22003371i 450 001 UON00249882 005 20231205103625.385 100 $a20040218f1979 |0itac50 ba 101 $afre 102 $aFR 105 $a||||0 ||||| 200 1 $aHistoire de la langue française$edes origines a nos jours. 11: Le français au dehors sous la Révolution, le Consulat et l'Empire. Pt. 2. Le français au dehors sous le Consulat et l'Empire$fFerdinand Brunot$gpréface de Gérald Antoine 205 $aParis : Librairie Armand Colin$bc1979 210 $a1 v.$a25 cm 215 $aIl testo è in fotocopie. 423 1$1001UON00372895$12001 $aˆLe ‰Français au dehors sous la Révolution, le Consulat et l'Empire 423 1$1001UON00372896$12001 $aˆLe ‰Français au dehors sous le Consulat et l'Empire 606 $aGRAMMATICA STORICA$3UONC042569$2FI 606 $aLingua francese$xStoria$3UONC041840$2FI 606 $aLINGUA FRANCESE GRAMMATICA STORICA$3UONC053588$2FI 620 $aFR$dParis$3UONL002984 676 $a440$cLingue romanze (Lingue neolatine) Francese$v21 700 1$aBRUNOT$bFerdinand$3UONV137382$0290036 702 1$aANTOINE$bGérald$3UONV146973 712 $aLibrairie Armand Colin$3UONV254209$4650 801 $aIT$bSOL$c20250627$gRICA 899 $aSIBA - SISTEMA BIBLIOTECARIO DI ATENEO$2UONSI 912 $aUON00249882 950 $aSIBA - SISTEMA BIBLIOTECARIO DI ATENEO$dSI S.C I F 01 s $eSI LO 58653 7 01 s 996 $aHistoire de la langue française$9447104 997 $aUNIOR LEADER 02129nam0 22003853i 450 001 NAP0968812 005 20251003044303.0 010 $a9813035757 100 $a20231129d1991 ||||0itac50 ba 101 | $aeng 102 $asg 181 1$6z01$ai $bxxxe 182 1$6z01$an 183 1$6z01$anc$2RDAcarrier 200 1 $aTrade in services between ASEAN and EC member states$ecase studies for West Germany, France, and the Netherlands$fRolf J. Langhammer 210 $aSingapore$cInstitute of southeast Asian studies$d1991 215 $a67 p.$d23 cm 225 | $aResearch notes and discussion papers$fInstitute of Southeast Asian studies$v73 410 0$1001UBO0331343$12001 $aResearch notes and discussion papers$fInstitute of Southeast Asian studies$v73$171201$aInstitute of southeast asian studies$b : ASEAN economic research unit$3NAPV211408$4070 606 $aCommercio internazionale$xPaesi della Comunita economica europea$2FIR$3LO1C898886$9I 676 $a382.4500094$9COMMERCIO INTERNAZIONALE. Prodotti delle industrie secondarie e dei servizi. Europa$v23 696 $aCommercio mondiale$aCommercio estero$aScambi internazionali$aCommercio con l'estero 699 $aCommercio internazionale$yCommercio mondiale 699 $aCommercio internazionale$yCommercio estero 699 $aCommercio internazionale$yScambi internazionali 699 $aCommercio internazionale$yCommercio con l'estero 700 1$aLanghammer$b, Rolf J.$3TO0V154976$4070$0299143 801 3$aIT$bIT-000000$c20231129 850 $aIT-BN0095 901 $bNAP 01$cPOZZO LIB.$nVi sono collocati fondi di economia, periodici di ingegneria e scienze, periodici di economia e statistica e altri fondi comprendenti documenti di economia pervenuti in dono. 912 $aNAP0968812 950 0$aBiblioteca Centralizzata di Ateneo$c1 op.$d 01POZZO LIB.ECON MON 10067$e 0101 0600125375E VMA 1 op. (Precedente collocazione DASES G 4123)$fB $h20231129$i20231129 977 $a 01 996 $aTrade in services between ASEAN and EC member states$93597244 997 $aUNISANNIO